<?xml version="1.0" encoding="UTF-8"?>
<record
    xmlns:xsi="http://www.w3.org/2001/XMLSchema-instance"
    xsi:schemaLocation="http://www.loc.gov/MARC21/slim http://www.loc.gov/standards/marcxml/schema/MARC21slim.xsd"
    xmlns="http://www.loc.gov/MARC21/slim">

  <leader>05031nam a22003017a 4500</leader>
  <datafield tag="999" ind1=" " ind2=" ">
    <subfield code="c">807</subfield>
    <subfield code="d">807</subfield>
  </datafield>
  <controlfield tag="003">AR-CdUCM</controlfield>
  <controlfield tag="008">190225b           ||||| |||| 00| 0 spa d</controlfield>
  <datafield tag="040" ind1=" " ind2=" ">
    <subfield code="a">MUNICIPALIDAD PROVINCIAL DEL CUSCO</subfield>
    <subfield code="c">BIBLIOTECA MUNICIPAL DEL CUSCO</subfield>
  </datafield>
  <datafield tag="082" ind1=" " ind2=" ">
    <subfield code="a">086.808 /</subfield>
    <subfield code="b">M42</subfield>
  </datafield>
  <datafield tag="100" ind1=" " ind2=" ">
    <subfield code="a">Men&#xE9;ndez Pelayo, Marcelino</subfield>
  </datafield>
  <datafield tag="245" ind1=" " ind2=" ">
    <subfield code="a">Biblioteca Internacional de Obras Famosas :</subfield>
    <subfield code="b">Colecci&#xF3;n de las producciones literarias m&#xE1;s notables del mundo, en la que est&#xE1;n representados los m&#xE1;s grandes escritores de los tiempos antiguos, medioevales y modernos /</subfield>
  </datafield>
  <datafield tag="260" ind1=" " ind2=" ">
    <subfield code="a">Madrid - Espa&#xF1;a :</subfield>
    <subfield code="b">Sociedad Internacional,</subfield>
    <subfield code="c">1923.</subfield>
  </datafield>
  <datafield tag="300" ind1=" " ind2=" ">
    <subfield code="a">27 tomos ;</subfield>
    <subfield code="b">laminas, ilustraciones, retratos,</subfield>
    <subfield code="c">26 cm.</subfield>
  </datafield>
  <datafield tag="505" ind1=" " ind2=" ">
    <subfield code="a">Contenido : t.1 : Utilidads y valor de la antolog&#xED;a -- El encuentro m&#xE1;s antiguo del mundo -- Los templos de Rams&#xE9;s -- Memn&#xF3;n -- El tocado de una mujer -- Himno al adios Merodach ... t.2 : La literatura de la historia -- &#xC1; una estatua de Venus -- Fragmentos de poes&#xED;a griega -- Historia de Creso -- &#xC9;tica de la edad heroica -- Morir por la patria -- S&#xF3;crates ... t.3 : Breve resumen de la literatura Francesa -- Dido enamorada -- La Dido de Virgilio -- Dante y Virgilio en los infiernos -- Or&#xED;genes de Roma ... t.4 : Salom&#xF3;n y el cantar de los cantares -- La tierra Santa -- La muerte de Jes&#xFA;s -- Cal&#xED;gula -- Ner&#xF3;n ... t.5 : La literatura de la ciencia -- Tradiciones y observaciones del Talmud -- Poema de Osi&#xE1;n -- El gran teatro -- El fantasma -- Las confesiones ... t.6 : La epopeya castellana y la Edad Media -- Las mocedades del Cid -- Episodios de la historia de Inglaterra -- Himno de la creaci&#xF3;n -- Nathan, el sabio ... t.7 : El Renacimiento de Italia -- La divina comedia -- Triunfo a la castidad -- Orlando furioso -- Margarita Pusterla -- Don Juan -- t.8 : La m&#xED;stica espa&#xF1;ola -- Col&#xF3;n -- Savonarola -- Romola -- El Pr&#xED;ncipe -- Farsa o cuasi comedia -- t.9 : Caracter&#xED;sticas de la literatura Isabeliana -- Don Quijote y Sancho Panza -- El forzado de Dragut -- La cena -- Gu&#xED;a de pecadores ... t.10 : La poes&#xED;a Francesa -- Poes&#xED;as -- El sue&#xF1;o de las calaveras -- Reina despu&#xE9;s de morir -- Fanatismo de honor -- Amor y constancia ... t.11 : Novelas que contribuyen a la historia -- La vida es sue&#xF1;o -- Pensamientos -- Arte Po&#xE9;tica -- Pensamientos -- F&#xE1;bulas ... t.12 : Principales corrientes de la literatura Alemana -- Pensamientos -- Carlos XX en Bender -- Las estaciones -- El diablo cojuelo -- F&#xE1;bulas en verso castellano ... t.13 : Bosquejo de la literatura norteamericana -- El contrato social -- La riqueza de las naciones -- El hombre sentimental -- Poes&#xED;as ... t.14 : La moral Colonial -- Ultimas horas de los girondinos -- Combate con un ca&#xF1;&#xF3;n -- La muerte del capit&#xE1;n Cook -- Buenos Aires ... t.15 : Muerte de Pedro Valdivia -- Muerte del capit&#xE1;n Lautaro -- Historias sagradas y morales -- Cautiverio feliz -- Batalla de Water&#xF3;o -- Historia Romana manuscrita -- t.16 : El pozo  y el p&#xE9;ndulo -- Tiniebla -- Corina -- La casa del Brocken -- Melod&#xED;a ... t.17 : El drama moderno -- Aventuras de M&#xED;ster Pickwick -- Amor de Margot -- La novela de una joven pobre -- El poder de la piel de zapa -- El hombre sin sombra ... t.18 : La poes&#xED;a popular Argentina -- Tupac-Amar&#xFA; -- Himno nacional Argentino -- San Mart&#xED;n -- Carlos Lamb -- t.19 : El ensayo cr&#xED;tico en Francia -- Los funerales de Tabar&#xE9; -- Himno nacional de la Rep&#xFA;blica Oriental de Uruguay -- Noche de Santa Valpurgis -- Un rapto ... t.20 : Literatura rusa: introducci&#xF3;n -- Su devocionario -- &#xA1;Adelante! -- La tiran&#xED;a de las rosas ... t.22 : Consideraciones generales sobre la historia de Chile -- Una cena alegre y una historia triste -- La novela y sus escollos -- A las golondrinas -- Juan y Bettina ... t.23 : Sue&#xF1;o y realidad -- Las tres &#xE9;pocas -- A Roosevelt -- La ara&#xF1;a -- Muerte de Mar&#xED;a ... t.24 : Los hombres de letras en la historia pol&#xED;tica Argentina -- &#xC1;ngeles en acecho -- Olvidar y no olvidar -- Hero&#xED;smo -- Amor junto al Oc&#xE9;ano -- Carta &#xE1; Filena -- La boda de Juana Eyre ... t.25 : Influencias imitativas en la moderna literatura Peruana -- Prisi&#xF3;n y muerte de Atabalipa -- Batalla de Chupas -- La erupci&#xF3;n del Pichincha -- Leyes y ordenanzas de los Incas -- Escudo de Lima ... t.26 : Memorias literarias -- Fin de la monarqu&#xED;a Tolteca -- El &#xFA;ltimo Azteca -- Guillermo Prieto -- La literatura Mexicana en el siglo XIX ... t.27 : La literatura Cubana -- Importancia social del arte -- Reconocimiento de la Isla -- La muerte de Judas -- El padre Las Casas -- Cuba primitiva ...</subfield>
  </datafield>
  <datafield tag="650" ind1=" " ind2=" ">
    <subfield code="a">Literatura universal</subfield>
    <subfield code="9">611</subfield>
  </datafield>
  <datafield tag="650" ind1=" " ind2=" ">
    <subfield code="a">Tiempos antiguos, medievales y modernos.</subfield>
    <subfield code="9">3062</subfield>
  </datafield>
  <datafield tag="650" ind1=" " ind2=" ">
    <subfield code="a">Biograf&#xED;a.</subfield>
    <subfield code="9">22</subfield>
  </datafield>
  <datafield tag="700" ind1=" " ind2=" ">
    <subfield code="a">Palma, Ricardo</subfield>
    <subfield code="9">304</subfield>
  </datafield>
  <datafield tag="700" ind1=" " ind2=" ">
    <subfield code="a">Varona, Enrique Jos&#xE9;</subfield>
    <subfield code="9">3063</subfield>
  </datafield>
  <datafield tag="700" ind1=" " ind2=" ">
    <subfield code="a">Pe&#xF1;a, David</subfield>
    <subfield code="9">3064</subfield>
  </datafield>
  <datafield tag="700" ind1=" " ind2=" ">
    <subfield code="a">Medina, Jos&#xE9; Toribio</subfield>
    <subfield code="9">3065</subfield>
  </datafield>
  <datafield tag="700" ind1=" " ind2=" ">
    <subfield code="a">Sierra, Justo</subfield>
    <subfield code="9">3066</subfield>
  </datafield>
  <datafield tag="700" ind1=" " ind2=" ">
    <subfield code="a">Rod&#xF3;, Jos&#xE9; Enrique</subfield>
    <subfield code="9">3067</subfield>
  </datafield>
  <datafield tag="700" ind1=" " ind2=" ">
    <subfield code="a">Garnett, Ricardo</subfield>
    <subfield code="9">3068</subfield>
  </datafield>
  <datafield tag="700" ind1=" " ind2=" ">
    <subfield code="a">Vall&#xE9;e, L&#xE9;on (recopiladores)</subfield>
    <subfield code="9">3069</subfield>
  </datafield>
  <datafield tag="942" ind1=" " ind2=" ">
    <subfield code="2">ddc</subfield>
    <subfield code="c">LIBROS</subfield>
  </datafield>
  <datafield tag="945" ind1=" " ind2=" ">
    <subfield code="a">achl</subfield>
    <subfield code="d">2019-02-25</subfield>
  </datafield>
  <datafield tag="952" ind1=" " ind2=" ">
    <subfield code="0">0</subfield>
    <subfield code="2">ddc</subfield>
    <subfield code="4">0</subfield>
    <subfield code="7">0</subfield>
    <subfield code="a">SH</subfield>
    <subfield code="b">SH</subfield>
    <subfield code="c">CART</subfield>
    <subfield code="d">2019-02-25</subfield>
    <subfield code="g">90.00</subfield>
    <subfield code="o">086.808 / M42 / t.26</subfield>
    <subfield code="p">SH0000000777</subfield>
    <subfield code="r">2019-02-25</subfield>
    <subfield code="y">LIBROS</subfield>
  </datafield>
  <datafield tag="952" ind1=" " ind2=" ">
    <subfield code="0">0</subfield>
    <subfield code="2">ddc</subfield>
    <subfield code="4">0</subfield>
    <subfield code="7">0</subfield>
    <subfield code="a">SH</subfield>
    <subfield code="b">SH</subfield>
    <subfield code="c">CART</subfield>
    <subfield code="d">2019-02-25</subfield>
    <subfield code="g">90.00</subfield>
    <subfield code="o">086.808 / M42 / t.19</subfield>
    <subfield code="p">SH0000000778</subfield>
    <subfield code="r">2019-02-25</subfield>
    <subfield code="y">LIBROS</subfield>
  </datafield>
  <datafield tag="952" ind1=" " ind2=" ">
    <subfield code="0">0</subfield>
    <subfield code="2">ddc</subfield>
    <subfield code="4">0</subfield>
    <subfield code="7">0</subfield>
    <subfield code="a">SH</subfield>
    <subfield code="b">SH</subfield>
    <subfield code="c">CART</subfield>
    <subfield code="d">2019-02-25</subfield>
    <subfield code="g">90.00</subfield>
    <subfield code="o">086.808 / M42 / t.9</subfield>
    <subfield code="p">SH0000000779</subfield>
    <subfield code="r">2019-02-25</subfield>
    <subfield code="y">LIBROS</subfield>
  </datafield>
  <datafield tag="952" ind1=" " ind2=" ">
    <subfield code="0">0</subfield>
    <subfield code="2">ddc</subfield>
    <subfield code="4">0</subfield>
    <subfield code="7">0</subfield>
    <subfield code="a">SH</subfield>
    <subfield code="b">SH</subfield>
    <subfield code="c">CART</subfield>
    <subfield code="d">2019-02-25</subfield>
    <subfield code="g">90.00</subfield>
    <subfield code="o">086.808 / M42 / t.15</subfield>
    <subfield code="p">SH0000000780</subfield>
    <subfield code="r">2019-02-25</subfield>
    <subfield code="y">LIBROS</subfield>
  </datafield>
  <datafield tag="952" ind1=" " ind2=" ">
    <subfield code="0">0</subfield>
    <subfield code="2">ddc</subfield>
    <subfield code="4">0</subfield>
    <subfield code="7">0</subfield>
    <subfield code="a">SH</subfield>
    <subfield code="b">SH</subfield>
    <subfield code="c">CART</subfield>
    <subfield code="d">2019-02-25</subfield>
    <subfield code="g">90.00</subfield>
    <subfield code="o">086.808 / M42 / t.23</subfield>
    <subfield code="p">SH0000001061</subfield>
    <subfield code="r">2019-02-25</subfield>
    <subfield code="y">LIBROS</subfield>
  </datafield>
  <datafield tag="952" ind1=" " ind2=" ">
    <subfield code="0">0</subfield>
    <subfield code="2">ddc</subfield>
    <subfield code="4">0</subfield>
    <subfield code="7">0</subfield>
    <subfield code="a">SH</subfield>
    <subfield code="b">SH</subfield>
    <subfield code="c">CART</subfield>
    <subfield code="d">2019-02-25</subfield>
    <subfield code="g">90.00</subfield>
    <subfield code="o">086.808 / M42 / t.7</subfield>
    <subfield code="p">SH0000001062</subfield>
    <subfield code="r">2019-02-25</subfield>
    <subfield code="y">LIBROS</subfield>
  </datafield>
  <datafield tag="952" ind1=" " ind2=" ">
    <subfield code="0">0</subfield>
    <subfield code="2">ddc</subfield>
    <subfield code="4">0</subfield>
    <subfield code="7">0</subfield>
    <subfield code="a">SH</subfield>
    <subfield code="b">SH</subfield>
    <subfield code="c">CART</subfield>
    <subfield code="d">2019-02-25</subfield>
    <subfield code="g">90.00</subfield>
    <subfield code="o">086.808 / M42 / t.4</subfield>
    <subfield code="p">SH0000001063</subfield>
    <subfield code="r">2019-02-25</subfield>
    <subfield code="y">LIBROS</subfield>
  </datafield>
  <datafield tag="952" ind1=" " ind2=" ">
    <subfield code="0">0</subfield>
    <subfield code="2">ddc</subfield>
    <subfield code="4">0</subfield>
    <subfield code="7">0</subfield>
    <subfield code="a">SH</subfield>
    <subfield code="b">SH</subfield>
    <subfield code="c">CART</subfield>
    <subfield code="d">2019-02-25</subfield>
    <subfield code="g">90.00</subfield>
    <subfield code="o">086.808 / M42 / t.8</subfield>
    <subfield code="p">SH0000001064</subfield>
    <subfield code="r">2019-02-25</subfield>
    <subfield code="y">LIBROS</subfield>
  </datafield>
  <datafield tag="952" ind1=" " ind2=" ">
    <subfield code="0">0</subfield>
    <subfield code="2">ddc</subfield>
    <subfield code="4">0</subfield>
    <subfield code="7">0</subfield>
    <subfield code="a">SH</subfield>
    <subfield code="b">SH</subfield>
    <subfield code="c">CART</subfield>
    <subfield code="d">2019-02-25</subfield>
    <subfield code="g">90.00</subfield>
    <subfield code="o">086.808 / M42 / t.18</subfield>
    <subfield code="p">SH0000001065</subfield>
    <subfield code="r">2019-02-25</subfield>
    <subfield code="y">LIBROS</subfield>
  </datafield>
  <datafield tag="952" ind1=" " ind2=" ">
    <subfield code="0">0</subfield>
    <subfield code="2">ddc</subfield>
    <subfield code="4">0</subfield>
    <subfield code="7">0</subfield>
    <subfield code="a">SH</subfield>
    <subfield code="b">SH</subfield>
    <subfield code="c">CART</subfield>
    <subfield code="d">2019-02-25</subfield>
    <subfield code="g">90.00</subfield>
    <subfield code="o">086.808 / M42 / t.11</subfield>
    <subfield code="p">SH0000001066</subfield>
    <subfield code="r">2019-02-25</subfield>
    <subfield code="y">LIBROS</subfield>
  </datafield>
  <datafield tag="952" ind1=" " ind2=" ">
    <subfield code="0">0</subfield>
    <subfield code="2">ddc</subfield>
    <subfield code="4">0</subfield>
    <subfield code="7">0</subfield>
    <subfield code="a">SH</subfield>
    <subfield code="b">SH</subfield>
    <subfield code="c">CART</subfield>
    <subfield code="d">2019-02-25</subfield>
    <subfield code="g">90.00</subfield>
    <subfield code="o">086.808 / M42 / t.16</subfield>
    <subfield code="p">SH0000001067</subfield>
    <subfield code="r">2019-02-25</subfield>
    <subfield code="y">LIBROS</subfield>
  </datafield>
  <datafield tag="952" ind1=" " ind2=" ">
    <subfield code="0">0</subfield>
    <subfield code="2">ddc</subfield>
    <subfield code="4">0</subfield>
    <subfield code="7">0</subfield>
    <subfield code="a">SH</subfield>
    <subfield code="b">SH</subfield>
    <subfield code="c">CART</subfield>
    <subfield code="d">2019-03-06</subfield>
    <subfield code="g">90.00</subfield>
    <subfield code="o">086.808 / M42 / t.20</subfield>
    <subfield code="p">SH0000003582</subfield>
    <subfield code="r">2019-03-06</subfield>
    <subfield code="y">LIBROS</subfield>
  </datafield>
  <datafield tag="952" ind1=" " ind2=" ">
    <subfield code="0">0</subfield>
    <subfield code="2">ddc</subfield>
    <subfield code="4">0</subfield>
    <subfield code="7">0</subfield>
    <subfield code="a">SH</subfield>
    <subfield code="b">SH</subfield>
    <subfield code="c">CART</subfield>
    <subfield code="d">2019-03-06</subfield>
    <subfield code="g">50.00</subfield>
    <subfield code="o">086.808 / M42 / t.14</subfield>
    <subfield code="p">SH0000003694</subfield>
    <subfield code="r">2019-03-06</subfield>
    <subfield code="y">LIBROS</subfield>
  </datafield>
  <datafield tag="952" ind1=" " ind2=" ">
    <subfield code="0">0</subfield>
    <subfield code="2">ddc</subfield>
    <subfield code="4">0</subfield>
    <subfield code="7">0</subfield>
    <subfield code="a">SH</subfield>
    <subfield code="b">SH</subfield>
    <subfield code="c">CART</subfield>
    <subfield code="d">2019-03-06</subfield>
    <subfield code="g">50.00</subfield>
    <subfield code="o">086.808 / M42 / t.25</subfield>
    <subfield code="p">SH0000003695</subfield>
    <subfield code="r">2019-03-06</subfield>
    <subfield code="y">LIBROS</subfield>
  </datafield>
  <datafield tag="952" ind1=" " ind2=" ">
    <subfield code="0">0</subfield>
    <subfield code="2">ddc</subfield>
    <subfield code="4">0</subfield>
    <subfield code="7">0</subfield>
    <subfield code="a">SH</subfield>
    <subfield code="b">SH</subfield>
    <subfield code="c">CART</subfield>
    <subfield code="d">2019-03-06</subfield>
    <subfield code="g">90.00</subfield>
    <subfield code="o">086.808 / M42 / t.2</subfield>
    <subfield code="p">SH0000003696</subfield>
    <subfield code="r">2019-03-06</subfield>
    <subfield code="y">LIBROS</subfield>
  </datafield>
  <datafield tag="952" ind1=" " ind2=" ">
    <subfield code="0">0</subfield>
    <subfield code="2">ddc</subfield>
    <subfield code="4">0</subfield>
    <subfield code="7">0</subfield>
    <subfield code="a">SH</subfield>
    <subfield code="b">SH</subfield>
    <subfield code="c">CART</subfield>
    <subfield code="d">2019-03-06</subfield>
    <subfield code="g">90.00</subfield>
    <subfield code="o">086.808 / M42 / t.24</subfield>
    <subfield code="p">SH0000004246</subfield>
    <subfield code="r">2019-03-06</subfield>
    <subfield code="y">LIBROS</subfield>
  </datafield>
  <datafield tag="952" ind1=" " ind2=" ">
    <subfield code="0">0</subfield>
    <subfield code="2">ddc</subfield>
    <subfield code="4">0</subfield>
    <subfield code="7">0</subfield>
    <subfield code="a">SH</subfield>
    <subfield code="b">SH</subfield>
    <subfield code="c">CART</subfield>
    <subfield code="d">2019-03-07</subfield>
    <subfield code="g">90.00</subfield>
    <subfield code="o">086.808 / M42 / t.17</subfield>
    <subfield code="p">SH0000004247</subfield>
    <subfield code="r">2019-03-07</subfield>
    <subfield code="y">LIBROS</subfield>
  </datafield>
  <datafield tag="952" ind1=" " ind2=" ">
    <subfield code="0">0</subfield>
    <subfield code="2">ddc</subfield>
    <subfield code="4">0</subfield>
    <subfield code="7">0</subfield>
    <subfield code="a">SH</subfield>
    <subfield code="b">SH</subfield>
    <subfield code="c">CART</subfield>
    <subfield code="d">2019-03-07</subfield>
    <subfield code="g">90.00</subfield>
    <subfield code="o">086.808 / M42 / t.13</subfield>
    <subfield code="p">SH0000004248</subfield>
    <subfield code="r">2019-03-07</subfield>
    <subfield code="y">LIBROS</subfield>
  </datafield>
  <datafield tag="952" ind1=" " ind2=" ">
    <subfield code="0">0</subfield>
    <subfield code="2">ddc</subfield>
    <subfield code="4">0</subfield>
    <subfield code="7">0</subfield>
    <subfield code="a">SH</subfield>
    <subfield code="b">SH</subfield>
    <subfield code="c">CART</subfield>
    <subfield code="d">2019-03-07</subfield>
    <subfield code="g">90.00</subfield>
    <subfield code="o">086.808 / M42 / t.12</subfield>
    <subfield code="p">SH0000004249</subfield>
    <subfield code="r">2019-03-07</subfield>
    <subfield code="y">LIBROS</subfield>
  </datafield>
  <datafield tag="952" ind1=" " ind2=" ">
    <subfield code="0">0</subfield>
    <subfield code="2">ddc</subfield>
    <subfield code="4">0</subfield>
    <subfield code="7">0</subfield>
    <subfield code="a">SH</subfield>
    <subfield code="b">SH</subfield>
    <subfield code="c">CART</subfield>
    <subfield code="d">2019-03-07</subfield>
    <subfield code="g">50.00</subfield>
    <subfield code="o">086.808 / M42 / t.10</subfield>
    <subfield code="p">SH0000004250</subfield>
    <subfield code="r">2019-03-07</subfield>
    <subfield code="y">LIBROS</subfield>
  </datafield>
  <datafield tag="952" ind1=" " ind2=" ">
    <subfield code="0">0</subfield>
    <subfield code="2">ddc</subfield>
    <subfield code="4">0</subfield>
    <subfield code="7">0</subfield>
    <subfield code="a">SH</subfield>
    <subfield code="b">SH</subfield>
    <subfield code="c">CART</subfield>
    <subfield code="d">2019-03-07</subfield>
    <subfield code="g">50.00</subfield>
    <subfield code="o">086.808 / M42 / t.27</subfield>
    <subfield code="p">SH0000004251</subfield>
    <subfield code="r">2019-03-07</subfield>
    <subfield code="y">LIBROS</subfield>
  </datafield>
  <datafield tag="952" ind1=" " ind2=" ">
    <subfield code="0">0</subfield>
    <subfield code="2">ddc</subfield>
    <subfield code="4">0</subfield>
    <subfield code="7">0</subfield>
    <subfield code="a">SH</subfield>
    <subfield code="b">SH</subfield>
    <subfield code="c">CART</subfield>
    <subfield code="d">2019-03-07</subfield>
    <subfield code="g">90.00</subfield>
    <subfield code="o">086.808 / M42 / t.3</subfield>
    <subfield code="p">SH0000004252</subfield>
    <subfield code="r">2019-03-07</subfield>
    <subfield code="y">LIBROS</subfield>
  </datafield>
  <datafield tag="952" ind1=" " ind2=" ">
    <subfield code="0">0</subfield>
    <subfield code="2">ddc</subfield>
    <subfield code="4">0</subfield>
    <subfield code="7">0</subfield>
    <subfield code="a">SH</subfield>
    <subfield code="b">SH</subfield>
    <subfield code="c">CART</subfield>
    <subfield code="d">2019-03-07</subfield>
    <subfield code="g">90.00</subfield>
    <subfield code="o">086.808 / M42 / t.5</subfield>
    <subfield code="p">SH0000004253</subfield>
    <subfield code="r">2019-03-07</subfield>
    <subfield code="y">LIBROS</subfield>
  </datafield>
  <datafield tag="952" ind1=" " ind2=" ">
    <subfield code="0">0</subfield>
    <subfield code="2">ddc</subfield>
    <subfield code="4">0</subfield>
    <subfield code="7">0</subfield>
    <subfield code="a">SH</subfield>
    <subfield code="b">SH</subfield>
    <subfield code="c">CART</subfield>
    <subfield code="d">2019-03-07</subfield>
    <subfield code="g">90.00</subfield>
    <subfield code="o">086.808 / M42 / t.6</subfield>
    <subfield code="p">SH0000004254</subfield>
    <subfield code="r">2019-03-07</subfield>
    <subfield code="y">LIBROS</subfield>
  </datafield>
  <datafield tag="952" ind1=" " ind2=" ">
    <subfield code="0">0</subfield>
    <subfield code="2">ddc</subfield>
    <subfield code="4">0</subfield>
    <subfield code="7">0</subfield>
    <subfield code="a">SH</subfield>
    <subfield code="b">SH</subfield>
    <subfield code="c">CART</subfield>
    <subfield code="d">2019-03-07</subfield>
    <subfield code="g">90.00</subfield>
    <subfield code="o">086.808 / M42 / t.22</subfield>
    <subfield code="p">SH0000004255</subfield>
    <subfield code="r">2019-03-07</subfield>
    <subfield code="y">LIBROS</subfield>
  </datafield>
  <datafield tag="952" ind1=" " ind2=" ">
    <subfield code="0">0</subfield>
    <subfield code="2">ddc</subfield>
    <subfield code="4">0</subfield>
    <subfield code="7">0</subfield>
    <subfield code="a">SH</subfield>
    <subfield code="b">SH</subfield>
    <subfield code="c">CART</subfield>
    <subfield code="d">2019-03-07</subfield>
    <subfield code="g">90.00</subfield>
    <subfield code="o">086.808 / M42 / t.1</subfield>
    <subfield code="p">SH0000004264</subfield>
    <subfield code="r">2019-03-07</subfield>
    <subfield code="y">LIBROS</subfield>
  </datafield>
</record>
